000 00814nam a22002177a 4500
005 20100810141244.0
010 _aENG-99371
020 _a9788184882773
_c225.00
035 _aEN-82903
037 _bDBAD/PUB
082 _a346.07
100 _aSaravanavel,P
_910515
245 _aBusiness Law /
_cby P Saravanavel, S Sumathi [and] Anup Kumar Samantaray
260 _aNew Delhi
_bHimalaya Publishing House
_c2009
270 _a4-B Murari Lal Street Ansari Road Darya Ganj
_bNew Delhi
_e110002
300 _a338p
_c24cm(pbk)
700 _aSumathi, S
_910128
700 _aSamantaray, Anup Kumar
_910129
942 _2ddc
_cEN
_h346.07
_mSAR
999 _c40665
_d40665